| 000 | 00432nam a22001697a 4500 | ||
|---|---|---|---|
| 003 | CEME | ||
| 005 | 20210628203557.0 | ||
| 008 | 210201b xxu||||| |||| 00| 0 eng d | ||
| 040 | _c. | ||
| 082 | _a891.42 KUL | ||
| 100 |
_aFaqir Muhammad Faqir. Dr _966352 |
||
| 245 | _aKulliat -e-bullhay shah | ||
| 260 |
_aLAHORE _bAL FAISAL _c2002 |
||
| 300 | _a448P | ||
| 650 |
_aPUNJABI POETRY.BULLAY SHAH-KULLIAT _966353 |
||
| 942 |
_cBK _2ddc |
||
| 999 |
_c574330 _d574330 |
||